<?xml version="1.0" encoding="UTF-8"?>
<record
    xmlns:xsi="http://www.w3.org/2001/XMLSchema-instance"
    xsi:schemaLocation="http://www.loc.gov/MARC21/slim http://www.loc.gov/standards/marcxml/schema/MARC21slim.xsd"
    xmlns="http://www.loc.gov/MARC21/slim">

  <leader>00786nam a22002417a 4500</leader>
  <controlfield tag="003">3228</controlfield>
  <controlfield tag="005">20240119130405.0</controlfield>
  <controlfield tag="008">240119b        sa ||||| |||| 00| 0 eng d</controlfield>
  <datafield tag="020" ind1=" " ind2=" ">
    <subfield code="a">9781928232728</subfield>
    <subfield code="c">PaperBack</subfield>
  </datafield>
  <datafield tag="040" ind1=" " ind2=" ">
    <subfield code="b">English</subfield>
    <subfield code="c">3228</subfield>
    <subfield code="e">rda</subfield>
  </datafield>
  <datafield tag="082" ind1=" " ind2=" ">
    <subfield code="2">23</subfield>
    <subfield code="a">331.880968 MAKH</subfield>
  </datafield>
  <datafield tag="100" ind1=" " ind2=" ">
    <subfield code="a">Makhoba M.</subfield>
    <subfield code="9">146190</subfield>
  </datafield>
  <datafield tag="110" ind1=" " ind2=" ">
    <subfield code="a">Jacana Media (Pty) Ltd</subfield>
  </datafield>
  <datafield tag="245" ind1=" " ind2=" ">
    <subfield code="a">The story of one tells the  struggle of all :Metalworkers under apartheid</subfield>
  </datafield>
  <datafield tag="250" ind1=" " ind2=" ">
    <subfield code="a">First Edition</subfield>
  </datafield>
  <datafield tag="260" ind1=" " ind2=" ">
    <subfield code="a">Auckland Park:</subfield>
    <subfield code="b">Jacana Media;</subfield>
    <subfield code="c">c2018</subfield>
  </datafield>
  <datafield tag="300" ind1=" " ind2=" ">
    <subfield code="a">jy xi 169 Pages.;</subfield>
    <subfield code="c">20cm</subfield>
  </datafield>
  <datafield tag="521" ind1=" " ind2=" ">
    <subfield code="a">Adult Non-Fiction-Adults</subfield>
  </datafield>
  <datafield tag="650" ind1=" " ind2=" ">
    <subfield code="2">The story of one tells the struggle of all: Metalworkers under apartheid</subfield>
  </datafield>
  <datafield tag="651" ind1=" " ind2=" ">
    <subfield code="2">South Africa</subfield>
  </datafield>
  <datafield tag="700" ind1=" " ind2=" ">
    <subfield code="a">Tom P. Steward P.</subfield>
    <subfield code="9">185506</subfield>
  </datafield>
  <datafield tag="942" ind1=" " ind2=" ">
    <subfield code="2">ddc</subfield>
    <subfield code="c">BOOK</subfield>
    <subfield code="e">23</subfield>
    <subfield code="w">8485</subfield>
    <subfield code="x">Julia Mabuza</subfield>
    <subfield code="y">8485</subfield>
    <subfield code="z">Julia Mabuza</subfield>
  </datafield>
  <datafield tag="999" ind1=" " ind2=" ">
    <subfield code="c">761692</subfield>
    <subfield code="d">761691</subfield>
  </datafield>
  <datafield tag="952" ind1=" " ind2=" ">
    <subfield code="0">0</subfield>
    <subfield code="1">0</subfield>
    <subfield code="2">ddc</subfield>
    <subfield code="4">0</subfield>
    <subfield code="7">1</subfield>
    <subfield code="8">300</subfield>
    <subfield code="a">NTHOL</subfield>
    <subfield code="b">NTHOL</subfield>
    <subfield code="c">Non_Fiction</subfield>
    <subfield code="d">2024-01-19</subfield>
    <subfield code="i">33228031013268</subfield>
    <subfield code="l">0</subfield>
    <subfield code="o">23 331.880968 MAKH</subfield>
    <subfield code="r">2024-01-19</subfield>
    <subfield code="t">1</subfield>
    <subfield code="w">2024-01-19</subfield>
    <subfield code="y">BOOK</subfield>
  </datafield>
</record>
